| 000 | 00759nam a2200193 a 4500 | ||
|---|---|---|---|
| 001 | 000961312 | ||
| 003 | AM-YeHGA | ||
| 005 | 20250617150006.0 | ||
| 008 | 130506s1923 ||| r 000 0 rus d | ||
| 040 | _aAM-YeHGA | ||
| 041 | 0 | _arus | |
| 100 | 1 |
_aЛозинский, Самуил Горациевич _d1874-1945 |
|
| 245 | 1 | 0 |
_aСредневековые ростовщики : _bСтраницы из экономической истории церкви в средние века / _cС.Г. Лозинский. |
| 260 |
_aПетроград : _bСеятель, _c1923. |
||
| 300 | _a158 с. | ||
| 653 | 0 | _aРостовщичество средневековое | |
| 653 | 0 | _aИстория церкви - Средние века | |
| 090 | _c324036 | ||
| 999 |
_c322293 _d322293 |
||